| 000 | 00750nam a2200217 a 4500 | ||
|---|---|---|---|
| 001 | 13438 | ||
| 003 | BD-JhCC | ||
| 005 | 20230924084559.0 | ||
| 008 | 171017s2020 bg |||| ||a| 00| 0 ben d | ||
| 020 | _a9789849339199 | ||
| 035 | _a(BD-JhCC) 13438 | ||
| 040 |
_aBD-JhCC _dBD-JhCC |
||
| 041 | _abengali | ||
| 082 |
_bDHA 2020 _a001 |
||
| 111 | _4 যায়নাব,সালমা উম্মে | ||
| 245 |
_aধাঁধায় ধাঁধায় বুদ্ধি যাচাই / _cসম্পা: এহসান চেীধুর। |
||
| 260 |
_aঢাকা: _bনলেজ মিডিয়া পাবলিকেশন্স; _c2020. |
||
| 300 |
_a237 p. : _c22 cm. |
||
| 651 | _a General Knowledge | ||
| 942 |
_2ddc _cBK |
||
| 999 |
_c13438 _d13438 |
||